000 00296nam a22001337a 4500
008 170818b xxu||||| |||| 00| 0 eng d
020 _a9780471527398
041 _aeng
080 _26TH
_a51
100 _a37
101 _aMAT
245 _aELEMENTARY LINEAR ALGEBRA
_cANTON,H
942 _2udc
_cBK
999 _c24108
_d24108